Statistics for Countries of Oceania by Demonyms - Map Quiz

Click here to take the quiz!

General Stats

  • This quiz has been taken 153 times
  • The average score is 12 of 16

Answers on the Map

Answers color-coded by a green-red scale on the quiz's map according to % correct below.
 

Answer Stats

Answer% Correct
Australian
98%
New Zealand (Zelanian)
96%
Papua New Guinean
94%
Micronesian
81%
I-Kiribati
80%
Solomon Island
76%
Fijian
75%
Palauan
75%
French Polynesian
73%
Nauruan
72%
New Caledonian
71%
Ni-Vanuatu
71%
Marshallese
70%
Samoan
68%
Tuvaluan
60%
Tongan
57%

Score Distribution

Percentile by Number Answered

Percent of People with Each Score

Your Score History

You have not taken this quiz